Economics and property (Record no. 105822)
[ view plain ]
| 000 -LEADER | |
|---|---|
| fixed length control field | 01234cam a2200253 4500 |
| 001 - CONTROL NUMBER | |
| control field | ##L134860 |
| 008 - FIXED-LENGTH DATA ELEMENTS--GENERAL INFORMATION | |
| fixed length control field | 060907n2006 000 0 eng u |
| 020 ## - INTERNATIONAL STANDARD BOOK NUMBER | |
| International Standard Book Number | 0728204878 |
| 035 ## - SYSTEM CONTROL NUMBER | |
| System control number | (Sirsi) u134860 |
| 041 0# - LANGUAGE CODE | |
| Language code of text/sound track or separate title | eng |
| 050 04 - LIBRARY OF CONGRESS CALL NUMBER | |
| Classification number | 332.6324 $2 18 |
| 100 1# - MAIN ENTRY--PERSONAL NAME | |
| Personal name | Myers, Danny |
| 245 00 - TITLE STATEMENT | |
| Title | Economics and property |
| Remainder of title | the Estates Gazette guide |
| 250 ## - EDITION STATEMENT | |
| Edition statement | 2nd ed. |
| 260 ## - PUBLICATION, DISTRIBUTION, ETC. | |
| Place of publication, distribution, etc. | London |
| Name of publisher, distributor, etc. | EG Books |
| Date of publication, distribution, etc. | 2006 |
| 300 ## - PHYSICAL DESCRIPTION | |
| Extent | v, 143p. |
| Dimensions | 30cm. |
| 350 ## - PRICE (NR) (BK AM CF MU VM SE) [OBSOLETE] | |
| Price | 20 |
| 505 1# - FORMATTED CONTENTS NOTE | |
| Formatted contents note | An introduction to economics -- Economic systems of resource allocation -- The theory of demand -- The theory of supply -- Development, construction and occupation -- Government intervention -- Managing the macroeconomy -- Measuring the macroeconomy -- The sustainable development agenda |
| 520 ## - SUMMARY, ETC. | |
| Summary, etc. | Written for students, this text considers economic principles as a key to understanding the commercial and residential property sectors, markets for development, construction and occupation, the role and nature of government intervention, and the sustainable development agenda. Includes extracts and examples from "Estates Gazette" and EGI. Glossary and references. |
| 651 #4 - SUBJECT ADDED ENTRY--GEOGRAPHIC NAME | |
| Geographic name | United Kingdom |
| Chronological subdivision | |
| 690 ## - LOCAL SUBJECT ADDED ENTRY--TOPICAL TERM (OCLC, RLIN) | |
| Topical term or geographic name as entry element | PROPERTY |
| 942 ## - ADDED ENTRY ELEMENTS (KOHA) | |
| Suppress in OPAC | 0 |
| Withdrawn status | Lost status | Source of classification or shelving scheme | Damaged status | Not for loan | Home library | Current library | Shelving location | Date acquired | Cost, normal purchase price | Total Checkouts | Full call number | Barcode | Date last seen | Date last checked out | Copy number | Cost, replacement price | Price effective from | Koha item type |
|---|---|---|---|---|---|---|---|---|---|---|---|---|---|---|---|---|---|---|
| Dewey Decimal Classification | London | London | Folio | 07/11/2006 | 17.00 | 18 | F332.6324 MYE | 30073414 | 06/08/2019 | 18/01/2010 | 1 | 17.00 | 06/08/2019 | Book |